Ouvertures d'échecs - Mort subite - Statistiques

Statistiques générales
  • Ce quiz a été pris 118 fois
  • Le résultat moyen est 9 sur 20
Answers on the Grid
Answers color-coded by a green-red scale on the quiz's grid according to % correct below.
Ouverture espagnole
Défense française
Gambit de Varsovie
Gambit de la dame
Défense catalane inversée
Défense Caro-Kann
Ouverture écossaise
Défense pirc
Attaque viennoise
Défense alpine
Ouverture Chin-zo
Défense scandinave
Défense est-indienne
Ouverture anglaise
Ouverture réti
Défense offensive
Défense slave
Gambit de Lisbonne
Attaque orientale
Défense nimzo-indienne
Défense sicilienne
Ouverture nordique
Gambit elephant
Défense Philidor
Ouverture d'Alkor
Gambit noir
Système de londres
Défense hollandaise
Attaque grob
Gambit Budapest
 
Statistiques - réponses
Réponse % Correct
Défense française
88%
Ouverture espagnole
80%
Gambit de la dame
79%
Défense Caro-Kann
77%
Ouverture écossaise
64%
Défense scandinave
53%
Défense sicilienne
50%
Système de londres
47%
Défense pirc
44%
Ouverture anglaise
41%
Défense slave
39%
Défense hollandaise
32%
Attaque grob
30%
Attaque viennoise
30%
Défense Philidor
30%
Défense est-indienne
29%
Ouverture réti
27%
Défense nimzo-indienne
21%
Gambit elephant
20%
Gambit Budapest
11%
Aucun quiz correspondant
Distribution des résultats
% des personnes avec chaque résultat
Percentile par nombre de réponses
Votre historique - résultats
Vous n’avez pas pris ce quiz